000 00696aam a2200253 4500
005 20250814105317.0
008 150727b2000 xxu||||| |||| 00| 0 spa d
020 _a8480888938
041 _aESP
082 _a658.409.2 O58c
100 _aO'Neill, Brian
_938383
245 _aCómo evaluar y mejorar su capacidad de liderazgo
260 _aEspaña
260 _bGestión 2000
260 _c2000
300 _a119 páginas
490 _aDirección y Administración de empresas
650 _aLIDERAZGO EJECUTIVO
650 _aCUALIDADES DE LÍDER
650 _aCREAR PROPIO MODELO DE LIDERAZGO
650 _aESTILOS DE LIDERAZGO
650 _aTRABAJO EN EQUIPO
942 _cBK
_2ddc
999 _c6513
_d6513